<?xml version="1.0" encoding="UTF-8"?>
<record
    xmlns:xsi="http://www.w3.org/2001/XMLSchema-instance"
    xsi:schemaLocation="http://www.loc.gov/MARC21/slim http://www.loc.gov/standards/marcxml/schema/MARC21slim.xsd"
    xmlns="http://www.loc.gov/MARC21/slim">

  <leader>00504nam a22001937a 4500</leader>
  <controlfield tag="005">20240827073405.0</controlfield>
  <controlfield tag="008">240827b        |||||||| |||| 00| 0 eng d</controlfield>
  <datafield tag="020" ind1=" " ind2=" ">
    <subfield code="a">9788119679171</subfield>
  </datafield>
  <datafield tag="040" ind1=" " ind2=" ">
    <subfield code="a">IN-DiNC</subfield>
    <subfield code="c">IN-DiNC</subfield>
  </datafield>
  <datafield tag="041" ind1=" " ind2=" ">
    <subfield code="d">asm</subfield>
  </datafield>
  <datafield tag="082" ind1=" " ind2=" ">
    <subfield code="a">398.054162</subfield>
    <subfield code="b">NAT</subfield>
  </datafield>
  <datafield tag="100" ind1=" " ind2=" ">
    <subfield code="a">Nath, Dipen</subfield>
    <subfield code="e">author</subfield>
  </datafield>
  <datafield tag="245" ind1=" " ind2=" ">
    <subfield code="a">Asamar sanskritir swarup/</subfield>
    <subfield code="c">by Dipen Nath</subfield>
  </datafield>
  <datafield tag="250" ind1=" " ind2=" ">
    <subfield code="a">1st ed.</subfield>
  </datafield>
  <datafield tag="260" ind1=" " ind2=" ">
    <subfield code="a">Jorhat:</subfield>
    <subfield code="b">Bidya bhawan,</subfield>
    <subfield code="c">2024.</subfield>
  </datafield>
  <datafield tag="300" ind1=" " ind2=" ">
    <subfield code="a">239p.</subfield>
  </datafield>
  <datafield tag="650" ind1=" " ind2=" ">
    <subfield code="a">Nature of Assamese culture</subfield>
  </datafield>
  <datafield tag="942" ind1=" " ind2=" ">
    <subfield code="2">ddc</subfield>
    <subfield code="c">BK</subfield>
  </datafield>
  <datafield tag="999" ind1=" " ind2=" ">
    <subfield code="c">11886</subfield>
    <subfield code="d">11886</subfield>
  </datafield>
  <datafield tag="952" ind1=" " ind2=" ">
    <subfield code="0">0</subfield>
    <subfield code="1">0</subfield>
    <subfield code="2">ddc</subfield>
    <subfield code="4">0</subfield>
    <subfield code="7">0</subfield>
    <subfield code="8">ASM</subfield>
    <subfield code="a">MAIN</subfield>
    <subfield code="b">MAIN</subfield>
    <subfield code="c">GEN</subfield>
    <subfield code="d">2024-08-27</subfield>
    <subfield code="g">220.00</subfield>
    <subfield code="l">4</subfield>
    <subfield code="o">398.054162 NAT</subfield>
    <subfield code="p">30266</subfield>
    <subfield code="r">2025-12-01 07:17:01</subfield>
    <subfield code="s">2025-10-15</subfield>
    <subfield code="t">1</subfield>
    <subfield code="w">2024-08-27</subfield>
    <subfield code="y">BK</subfield>
  </datafield>
  <datafield tag="952" ind1=" " ind2=" ">
    <subfield code="0">0</subfield>
    <subfield code="1">0</subfield>
    <subfield code="2">ddc</subfield>
    <subfield code="4">0</subfield>
    <subfield code="7">0</subfield>
    <subfield code="8">ASM</subfield>
    <subfield code="a">MAIN</subfield>
    <subfield code="b">MAIN</subfield>
    <subfield code="c">GEN</subfield>
    <subfield code="d">2024-08-27</subfield>
    <subfield code="g">220.00</subfield>
    <subfield code="l">10</subfield>
    <subfield code="o">398.054162 NAT</subfield>
    <subfield code="p">30267</subfield>
    <subfield code="r">2025-12-06 05:38:10</subfield>
    <subfield code="s">2025-12-01</subfield>
    <subfield code="t">2</subfield>
    <subfield code="w">2024-08-27</subfield>
    <subfield code="y">BK</subfield>
  </datafield>
  <datafield tag="952" ind1=" " ind2=" ">
    <subfield code="0">0</subfield>
    <subfield code="1">0</subfield>
    <subfield code="2">ddc</subfield>
    <subfield code="4">0</subfield>
    <subfield code="7">0</subfield>
    <subfield code="8">ASM</subfield>
    <subfield code="a">MAIN</subfield>
    <subfield code="b">MAIN</subfield>
    <subfield code="c">GEN</subfield>
    <subfield code="d">2024-08-27</subfield>
    <subfield code="g">220.00</subfield>
    <subfield code="l">10</subfield>
    <subfield code="o">398.054162 NAT</subfield>
    <subfield code="p">30268</subfield>
    <subfield code="r">2025-12-01 07:17:29</subfield>
    <subfield code="s">2025-11-07</subfield>
    <subfield code="t">3</subfield>
    <subfield code="w">2024-08-27</subfield>
    <subfield code="y">BK</subfield>
  </datafield>
  <datafield tag="952" ind1=" " ind2=" ">
    <subfield code="0">0</subfield>
    <subfield code="1">0</subfield>
    <subfield code="2">ddc</subfield>
    <subfield code="4">0</subfield>
    <subfield code="7">0</subfield>
    <subfield code="8">ASM</subfield>
    <subfield code="a">MAIN</subfield>
    <subfield code="b">MAIN</subfield>
    <subfield code="c">GEN</subfield>
    <subfield code="d">2024-08-27</subfield>
    <subfield code="g">220.00</subfield>
    <subfield code="l">5</subfield>
    <subfield code="o">398.054162 NAT</subfield>
    <subfield code="p">30269</subfield>
    <subfield code="r">2025-12-04 06:49:23</subfield>
    <subfield code="s">2025-11-18</subfield>
    <subfield code="t">4</subfield>
    <subfield code="w">2024-08-27</subfield>
    <subfield code="y">BK</subfield>
  </datafield>
</record>
